<The> 16+1 Platform of Cooperation
Cieľom tohto príspevku je predstaviť platformu 16 + 1 spolupráce medzi Čínou a zúčastnenými krajinami strednej a východnej Európy. Skúmanie tvorby platformy Čínou a podstata mechanizmu spolupráce.
Enregistré dans:
| Auteur principal: | |
|---|---|
| Format: | Chapitre de livre |
| Langue: | anglais |
| Sujets: | |
| Tags: |
Pas de tags, Soyez le premier à ajouter un tag!
|
MARC
| LEADER | 00000nla a2200000 4500 | ||
|---|---|---|---|
| 001 | 0243840 | ||
| 005 | 20240502083653.3 | ||
| 041 | 0 | |a eng | |
| 044 | |a CZ | ||
| 245 | 1 | 0 | |a <The> 16+1 Platform of Cooperation |c Juraj Ondriaš |
| 520 | |a Cieľom tohto príspevku je predstaviť platformu 16 + 1 spolupráce medzi Čínou a zúčastnenými krajinami strednej a východnej Európy. Skúmanie tvorby platformy Čínou a podstata mechanizmu spolupráce. | ||
| 610 | 2 | 0 | |a SVE |
| 610 | 2 | 0 | |a stredná Európa |
| 610 | 2 | 0 | |a východná Európa |
| 610 | 2 | 0 | |a Čína |
| 610 | 2 | 0 | |a spolupráca medzinárodná |
| 610 | 2 | 0 | |a dohody medzinárodné |
| 610 | 2 | 0 | |a projekty medzinárodné |
| 100 | 1 | |a Ondriaš, Juraj, 1988- | |